000 00497nam a22001697a 4500
003 JO-AjAnu
005 20260415072711.0
008 260415b jo ||||| |||| 00| 0 ara d
020 _a978-1-58503-825-1
040 _aANU
_cJO-AjAnu
_bENG
100 _aRick L. Bartholomew, RID
_eAuthor
_966931
245 _a Design Process Hand Sketching for Interiors
_c / Rick L. Bartholomew, RID
260 _aStephen Schroff:
_c 2013
300 _a149 pages
650 _vDesign Process
942 _2lcc
_cBK
_n0
999 _c34161
_d34161